| Tag |
First Indicator |
Second Indicator |
Subfields |
| LEADER |
00000cam a2200000 i 4500 |
| 001 |
in00000796021 |
| 005 |
20151017075641.0 |
| 008 |
770820s1977 vauaf f00010 eng d |
| 010 |
|
|
|a gp 78004460
|
| 020 |
|
|
|c pbk.
|
| 035 |
|
|
|a (OCoLC)03217976
|
| 035 |
|
|
|9 ADQ7748AM
|
| 037 |
|
|
|b 22161
|
| 040 |
|
|
|a AED
|c AED
|d GPO
|d MvI-ran
|d MvI-ran
|d UtOrBLW
|
| 043 |
|
|
|a n-us-tx
|
| 074 |
|
|
|a 334-A-15
|
| 086 |
|
|
|a D 103.42/7:12
|
| 100 |
1 |
|
|a Kieslich, James M.
|
| 245 |
1 |
2 |
|a A case history of Port Mansfield Channel, Texas /
|c by James M. Kieslich.
|
| 264 |
|
1 |
|a Fort Belvoir, Va. :
|b Dept. of Defense, Dept. of the Army, Corps of Engineers, Coastal Engineering Research Center ;
|c 1977.
|
| 264 |
|
2 |
|a Springfield, Va. :
|b For sale by the National Technical Information Service,
|
| 300 |
|
|
|a 66 pages, 2 leaves of plates :
|b illustrations ;
|c 27 cm.
|
| 336 |
|
|
|a text
|b txt
|2 rdacontent
|
| 337 |
|
|
|a unmediated
|b n
|2 rdamedia
|
| 338 |
|
|
|a volume
|b nc
|2 rdacarrier
|
| 490 |
1 |
|
|a GITI report ; 12
|
| 500 |
|
|
|a General investigation of tidal inlets, program of research conducted jointly by Army Coastal Engineering Research Center, Fort Belvoir, Virginia and Army Engineer Waterways Experiment Station, Vicksburg, Mississippi.
|
| 500 |
|
|
|a May 1977.
|
| 504 |
|
|
|a Bibliography: page 36.
|
| 650 |
|
0 |
|a Channels (Hydraulic engineering)
|
| 651 |
|
0 |
|a Port Mansfield Channel, Texas.
|
| 650 |
|
0 |
|a Sediment transport.
|
| 710 |
2 |
|
|a Coastal Engineering Research Center (U.S.)
|
| 710 |
2 |
|
|a Waterways Experiment Station (U.S.)
|
| 810 |
1 |
|
|a United States.
|b Army.
|b Corps of Engineers.
|t GITI report ;
|v 12.
|
| 999 |
|
|
|a MARS
|
| 999 |
f |
f |
|s 4af32f25-b845-3b49-bc15-e924bdb79121
|i ede1031e-a665-339b-8ea5-f76e9da96a24
|t 0
|
| 952 |
f |
f |
|p normal
|a Texas A&M University
|b College Station
|c Sterling C. Evans Library
|d Evans: US Documents (Annex 5th floor)
|t 0
|e D 103.42/7: 12
|h Superintendent of Documents classification
|i unmediated -- volume
|m A14813525472
|
| 998 |
f |
f |
|a D 103.42/7: 12
|t 0
|l Evans: US Documents (Annex 5th floor)
|